00326nam a2200133Ia 4500008004100000020001500041041001200056082001600068100001300084245004500097260002600142300000800168650001600176221030s9999 xx 000 0 und d a8176351512 aEnglish a105.23bKom aB. Komar 0aTCP/IP Network Administration in 21 Days bTechmediaaPunec1998 a606 aBE Computer